00911nam a2200241 a 4500001001000000003000500010005001700015008004100032010001100073011001100084040000900095100003500104245015500139260004100294500006000335502009700395650002100492650002200513650002500535650002500560650001400585856007000599000111035CHAP20220329144155.0141126s2014 mx sm |||||||spa d a107497 a108469 cCHAP1 aCruz Vasconcelos, Sonia Teresa10aUso de tintes vegetales para el teñido de textilex triqui en la Laguna de Guadalupe, Putla, Oaxacah[En línea]cpor Sonia Teresa Cruz Vasconcelos. aChapingo, Méx. :bEl autor,c2014. aPara ver el contenido del material haga clic en la liga aTesis (Ing. Agr. Esp. en Restauración Forestal) -- UACH. División de Ciencias Forestales14aFibras textiles.14aFibras vegetales.14aPigmentos vegetales.14aPlantas tintóreas.14aTeñido. aFinding aiduhttp://10.13.5.2/tesis/sist111035.pdfzTeclea aquí